00631nam a2200157 a 450000100060000000300090000600800410001504000280005608200160008410000400010024500410014026000370018130000100021850502200022865000250044815589CO-ViMGA141112s2004 ck r 000 u spa d aCO-ViMGAbspacCO-ViMGA04a027.4 C656l1 aColombia : Ministerio de Cultura , 10aLa biblioteca pública que queremos aBogotá, cFundalectura, c2001 a48.p. aLa biblioteca pública Administración de la biblioteca pública Selección , adquisición y organización de materiales Programas de una biblioteca pública Marketing y promoción de la biblioteca pública14aBIBLIOTECA PÚBLICA